Kush, lost kingdom of the Nile : a loan exhibition from the Museum of Fine Arts, Boston, September 1981-August 1984 /

محفوظ في:

المؤلف الرئيسي: Kendall, Timothy 1945- (مؤلف)

مؤلفون مشاركون: Brockton Art Museum., Museum of Fine Arts, Boston.

مؤلفون آخرون: Doll, Susan K.

التنسيق: كتاب

اللغة: English

منشور في: Brockton, Mass. : Brockton Art Museum/Fuller Memorial, c1982.

الموضوعات:

الوسوم: إضافة وسم

لا توجد وسوم, كن أول من يضع وسما على هذه التسجيلة!

رقم الطلب: DT154.8 .K31 1982

LEADER 01245namaa2200301 4500
001 5076
003 OSt
005 20250805110700.0
008 130303s1982 maua b 000 0 eng d
010 |a 82073157 
020 |a 0934358117   |q (paberback) 
035 |a ocm09464582 
040 |c ARCE Library 
043 |a f-sj--- 
050 4 |a DT154.8 .K31 1982 
100 1 |a Kendall, Timothy  |d 1945-   |e author 
245 1 0 |a Kush, lost kingdom of the Nile :  |b a loan exhibition from the Museum of Fine Arts, Boston, September 1981-August 1984 /  |c by Timothy Kendall ; with historical introduction written in collaboration with Susan K. Doll. 
264 1 |a Brockton, Mass. :  |b Brockton Art Museum/Fuller Memorial,  |c c1982. 
300 |a 64 pages :  |b illustrations ;  |c 28 cm. 
500 |a This exhibition and publication are supported in part by grants from the National Endowment for the Arts, the Massachusetts Council for the Arts and Humanities, and the Museum of Fine Arts, Boston. 
504 |a Bibliography : pages 63-64. 
651 0 |a Sudan  |x Antiquities  |x Exhibitions. 
700 1 |a Doll, Susan K.,  |9 29114 
710 2 |a Brockton Art Museum.  |9 21585 
710 2 |a Museum of Fine Arts, Boston. 
901 |a reviewed 
942 |c BK  |2 lcc 
999 |c 5465  |d 5465